|
|
|
|
| LEADER |
00000cam a2200000 7i4500 |
| 001 |
0000000372 |
| 008 |
021118s1991 |
| 022 |
0 |
|
|a 01283715
|
| 090 |
0 |
0 |
|a Z7835.M6
|b P4
|
| 245 |
0 |
0 |
|a Periodica Islamica
|b an international contents journal
|
| 260 |
2 |
|
|a Kuala Lumpur
|b Berita Publishing
|c 1991
|
| 650 |
|
0 |
|a Islam
|v Bibliography
|v Periodicals
|
| 999 |
|
|
|a 1000051245
|b Serials
|c Close Access
|e Gong Badak Campus
|
| 999 |
|
|
|a 1000054487
|b Serials
|c Close Access
|e Gong Badak Campus
|
| 999 |
|
|
|a 1000054488
|b Serials
|c Close Access
|e Gong Badak Campus
|
| 999 |
|
|
|a 1000057219
|b Serials
|c Close Access
|e Gong Badak Campus
|
| 999 |
|
|
|a 1000057569
|b Serials
|c Close Access
|e Gong Badak Campus
|
| 999 |
|
|
|a 1000057570
|b Serials
|c Close Access
|e Gong Badak Campus
|
| 999 |
|
|
|a 1000060631
|b Serials
|c Close Access
|e Gong Badak Campus
|
| 999 |
|
|
|a 1000060991
|b Serials
|c Close Access
|e Gong Badak Campus
|
| 999 |
|
|
|a 1000060992
|b Serials
|c Close Access
|e Gong Badak Campus
|
| 999 |
|
|
|a 1000060993
|b Serials
|c Close Access
|e Gong Badak Campus
|
| 999 |
|
|
|a 1000060994
|b Serials
|c Close Access
|e Gong Badak Campus
|
| 999 |
|
|
|a 1000060995
|b Serials
|c Close Access
|e Gong Badak Campus
|
| 999 |
|
|
|a 1000060996
|b Serials
|c Close Access
|e Gong Badak Campus
|
| 999 |
|
|
|a 1000060997
|b Serials
|c Close Access
|e Gong Badak Campus
|
| 999 |
|
|
|a 1000060998
|b Serials
|c Close Access
|e Gong Badak Campus
|
| 999 |
|
|
|a 1000060999
|b Serials
|c Reference
|e Gong Badak Campus
|
| 999 |
|
|
|a 1000061000
|b Serials
|c Close Access
|e Gong Badak Campus
|
| 999 |
|
|
|a 1000061001
|b Serials
|c Close Access
|e Gong Badak Campus
|
| 999 |
|
|
|a 1000061002
|b Serials
|c Close Access
|e Gong Badak Campus
|
| 999 |
|
|
|a 1000061003
|b Serials
|c Close Access
|e Gong Badak Campus
|
| 999 |
|
|
|a 1000061004
|b Serials
|c Close Access
|e Gong Badak Campus
|
| 999 |
|
|
|a 1000061005
|b Serials
|c Close Access
|e Gong Badak Campus
|
| 999 |
|
|
|a 1000061006
|b Serials
|c Close Access
|e Gong Badak Campus
|
| 999 |
|
|
|a 1000063432
|b Serials
|c Close Access
|e Gong Badak Campus
|
| 999 |
|
|
|a 1000067723
|b Serials
|c Close Access
|e Gong Badak Campus
|
| 999 |
|
|
|a 1000069107
|b Serials
|c Close Access
|e Gong Badak Campus
|
| 999 |
|
|
|a 1000069323
|b Serials
|c Close Access
|e Gong Badak Campus
|